| 000 | 00420nam a22001457a 4500 | ||
|---|---|---|---|
| 005 | 20231102065354.0 | ||
| 008 | 231102b |||||||| |||| 00| 0 eng d | ||
| 041 | _aEnglish | ||
| 082 | _a346.7 CRE | ||
| 100 |
_aGrove, N _lEnglish |
||
| 245 |
_aCredit Agreements, Seminars 1993 (2) (b) / _cN Grove |
||
| 300 |
_b63 pages ; _c31 cm. |
||
| 650 |
_aLegal practice _bLaw |
||
| 942 |
_cBK _6ALISON_BN_VRIES |
||
| 999 |
_c238 _d238 |
||